El sistema de gobierno y dirección superior del municipio (Registro nro. 22740)

Detalles MARC
000 -LEADER
fixed length control field 00337 a2200109 4500
001 - CONTROL NUMBER
control field ART_6376
005 - DATE AND TIME OF LATEST TRANSACTION
control field 20260410161825.0
008 - FIXED-LENGTH DATA ELEMENTS--GENERAL INFORMATION
fixed length control field 260409a
100 1# - MAIN ENTRY--PERSONAL NAME
Personal name Ramírez, Norberto L.
245 10 - TITLE STATEMENT
Title El sistema de gobierno y dirección superior del municipio
773 0# - HOST ITEM ENTRY
Title FACES
Related parts - Año 7, Nº 10 (ene./abr. 2001)
Record control number REV5046

No hay ítems disponibles.